| 000 | 00873nam a2200265 i 4500 | ||
|---|---|---|---|
| 001 | bg | ||
| 003 | BPK | ||
| 005 | 20200630132829.0 | ||
| 008 | 150721s1983 pl f 001 0 pol | ||
| 015 | _aPB 1983/9119 | ||
| 020 | _a8301026979 | ||
| 040 |
_aWA N _cBPK |
||
| 041 | 0 |
_apol _brus _beng |
|
| 080 | _a316.7 | ||
| 100 | 1 |
_aKłoskowska, Antonina _d(1919-2001) _eAutor |
|
| 245 | 1 | 0 |
_aSocjologia kultury / _cAntonina Kłoskowska. |
| 250 | _a[Wyd. 2 fotooffs.]. | ||
| 260 |
_aWarszawa : _bPaństwowe Wydawnictwo Naukowe, _c1983. |
||
| 300 |
_a607, [1] s. ; _c20 cm. |
||
| 504 | _aBibliogr. s. 563-585. Indeksy. Rez., sum. | ||
| 650 | 4 |
_aSocjologia kultury _xsocjologia. |
|
| 710 | 2 |
_aPaństwowe Wydawnictwo Naukowe _4pbl. |
|
| 856 |
_uhttp://koha.tu.koszalin.pl/cgi-bin/koha/opac-detail.pl?biblionumber=22332 _yKatalog online BPK |
||
| 942 |
_2UKD _cKS |
||
| 999 |
_c22332 _d22332 |
||